000 00330nam a2200133Ia 4500
008 100328s9999 xx 000 0 und d
082 _b9929
100 _aआयरे ला.कृ.
245 _aईर्षा
260 _bवसुंारा
630 _aईर्षा
730 _aईर्षा
942 _cBOOK
999 _c505486
_d505483